Arsenal FC Squad 2016-2017 - Statistics

General Stats
  • This quiz has been taken 29 times
  • The average score is 23 of 31
Answer Stats
# Position Nation Player % Correct
7 FW Chile Alexis Sánchez
100%
8 MF Wales Aaron Ramsey
96%
- Coach France Arsène Wenger
96%
13 GK Colombia David Ospina
93%
29 MF Switzerland Granit Xhaka
93%
11 MF Germany Mesut Özil
93%
33 GK Czech Republic Petr Čech
93%
20 DF Germany Shkodran Mustafi
93%
6 DF France Laurent Koscielny
89%
4 DF Germany Per Mertesacker
86%
14 FW England Theo Walcott
86%
26 GK Argentina Emiliano Martínez
82%
5 DF Brazil Gabriel Paulista
82%
35 MF Egypt Mohamed Elneny
82%
18 DF Spain Nacho Monreal
82%
12 FW France Olivier Giroud
82%
19 MF Spain Santi Cazorla
82%
24 DF Spain Héctor Bellerín
79%
17 FW Nigeria Alex Iwobi
75%
16 DF England Rob Holding
75%
9 FW Spain Lucas Pérez
71%
3 DF England Kieran Gibbs
68%
2 DF France Mathieu Debuchy
68%
23 FW England Danny Welbeck
61%
15 MF England Alex Oxlade-Chamberlain
50%
34 MF France Francis Coquelin
50%
25 DF England Carl Jenkinson
39%
37 MF Poland Krystian Bielik
32%
22 FW France Yaya Sanogo
32%
32 FW England Chuba Akpom
29%
54 GK England Matt Macey
29%
No matching quizzes found
Score Distribution
Percent of People with Each Score
Percentile by Number Answered
Your Score History
You have not taken this quiz